| 000 | 00853nam a2200241 4500 | ||
|---|---|---|---|
| 001 | 751332 | ||
| 005 | 19731003000000.0 | ||
| 008 | 700911s1964 njua b 001 0 eng | ||
| 010 | _a 64000915 | ||
| 040 |
_aDLC _cDLC _dDLC |
||
| 050 | 0 | 0 |
_aTN690 _b.R43 |
| 082 | 0 | 0 |
_a669.94 _222 _bREE |
| 100 | 2 |
_aReed-Hill, Robert E. _96763 |
|
| 245 | 1 | 0 |
_aPhysical metallurgy principles/ _cRobert E. Reed-Hill |
| 250 | _aAn east-West edition | ||
| 260 |
_aPrinceton, N.J.: _bVan Nostrand, _c1954 |
||
| 300 |
_ax, 630 p. _bill., diagrs. ; _c24 cm. |
||
| 490 | 0 | _aUniversity series in basic engineering | |
| 504 | _aIncludes bibliographical references. | ||
| 650 | 0 |
_aPhysical metallurgy. _96764 |
|
| 942 |
_2ddc _cBB |
||
| 999 |
_c11985 _d11985 |
||